000 02998nam a2200265Ia 4500
003 OSt
005 20250625091500.0
008 210719s2020 xx 000 0 und d
020 _a978-81-947755-2-2
040 _cAL
041 _aKannada
082 _a362.41092K KELN
100 _aKELLER (Helen)
_dಕೆಲ್ಲರ್ (ಹೆಲೆನ್)
_9215971
245 _aNanna badukina
_b ನನ್ನ ಬದುಕಿನ ಕಥೆ
260 _aBengaluru
_bAchala Prakashana
_c2020
300 _a343
_bPB
365 _b300
_cRs
520 _a 18 ತಿಂಗಳ ಮಗುವಾಗಿದ್ದಾಗ ಖಾಯಿಲೆಯಿಂದ ತನ್ನ ದೃಷ್ಟಿ ಮತ್ತು ಶ್ರವಣ ಶಕ್ತಿಯನ್ನು ಕಳೆದುಕೊಂಡ ಹುಡುಗಿ ಆಕೆ. ಬೆಳೆಯುತ್ತಾ ಬಂದಂತೆ ತನ್ನ ಭಾವನೆಗಳನ್ನು ಹೊರಹಾಕಲು ಪ್ರಯತ್ನಿಸಿ ತಾನು ಹೇಳಬೇಕೆಂದುಕೊಂಡ ವಿಷಯಗಳು ಬೇರೆಯವರಿಗೆ ಅರ್ಥವಾಗದಿದ್ದಾಗ ಬೇರೆ ದಾರಿ ಕಾಣದೆ ಅದನ್ನೆಲ್ಲ ಸಿಟ್ಟು, ಆಕ್ರೋಶದ ಮೂಲಕ ಹೊರಹಾಕುತ್ತಿದ್ದವಳು. ಆರೇಳು ವರ್ಷಗಳ ತನಕ ಕತ್ತಲಲ್ಲೇ ಕಳೆದ ಹುಡುಗಿಯ ಜೀವನ ಬದಲಾಗಿದ್ದು ಮಿಸ್ ಸಲ್ಲಿವನ್ ಅವರು ಆಕೆಯ ಶಿಕ್ಷಕಿಯಾಗಿ ಬಂದಾಗಲೇ. ಈ ಪುಸ್ತಕದಲ್ಲಿ ಮೂರು ಭಾಗಗಳಿವೆ. ಮೊದಲನೆಯ ಭಾಗದಲ್ಲಿ ಹೆಲೆನ್ ತನ್ನ ಆತ್ಮಕಥೆಯನ್ನು ಮನಮುಟ್ಟುವಂತೆ ಬಿಚ್ಚಿಟ್ಟಿದ್ದಾಳೆ. ಎರಡನೆಯ ಭಾಗದಲ್ಲಿ ಆಕೆಯು ಬರೆದ ಪತ್ರಗಳನ್ನು ನೀಡಲಾಗಿದೆ. ಅವಳಿನ್ನೂ ಬರೆಯಲು ಕಲಿಯೋಕೆ ಶುರು ಮಾಡಿದಾಗಿನಿಂದ ಹಿಡಿದು ಸುಮಾರು ಆಕೆಗೆ 21 ವರ್ಷವಾಗುವವರೆಗಿನ ಪತ್ರಗಳನ್ನು ಇಲ್ಲಿ ಯಥಾವತ್ತಾಗಿ ನೀಡಲಾಗಿದೆ. ಇನ್ನು ಮೂರನೆಯ ಭಾಗದಲ್ಲಿ 5 ಅಧ್ಯಾಯಗಳಿವೆ. ಆಕೆಯ ವ್ಯಕ್ತಿತ್ವ ಹೇಗಿತ್ತು, ಅವಳ ಶಿಕ್ಷಣ ಯಾವ ರೀತಿಯಲ್ಲಿತ್ತು, ಆಕೆ ಮಾತು ಕಲಿತ ಬಗೆ, ಹಾಗೆ ಅವಳ ಸಾಹಿತ್ಯದ ಬಗ್ಗೆ ಮಾಹಿತಿ ನೀಡಲಾಗಿದೆ.
650 _aBiography
_9215972
650 _aStory of my life
_9215973
650 _aSocial Welfare
_9215974
700 _aShruthi B S
_dಶ್ರುತಿ (ಬಿ ಎಸ್ ) tr
_9215975
906 _aB ; badukina ; Bi ; by ; Es ; kathe ; life ; my ; Nanna ; S ; Shruthi ; Story ; Tr
942 _2ddc
_cBK
999 _c211791
_d211791